000 00644nam a2200205Ia 4500
003 GCL
008 140319s9999 xx 000 0 ara d
040 _aGCL /
_cGCL
082 0 4 _a192
_bو د
100 1 _aامام عبدالفتاح امام
245 1 0 _aالدين والعقل الحديث /
_cامام عبدالفتاح امام
700 1 _aولتر ستيس
300 _a324 ص
490 _aالهيئة العامة للاستعلامات
_v0
650 0 4 _aالفلسفة
650 0 4 _aالفلسفة الحديثة
650 0 4 _aالدين والعلم
650 0 4 _aالفلسفة الانجليزية
942 _2ddc
_cBK
999 _c51857
_d51857